Controversies of the Music Indistry (Record no. 18646)

MARC details
000 -LEADER
fixed length control field 00457nam a22001577a 4500
008 - FIXED-LENGTH DATA ELEMENTS--GENERAL INFORMATION
fixed length control field 201204b xxu||||| |||| 00| 0 eng d
020 ## - INTERNATIONAL STANDARD BOOK NUMBER
International Standard Book Number 0313310947
050 ## - LIBRARY OF CONGRESS CALL NUMBER
Classification number ML3918
Item number .B37 2001 c.1
100 ## - MAIN ENTRY--PERSONAL NAME
Personal name Barnet, Richard D.
245 ## - TITLE STATEMENT
Title Controversies of the Music Indistry
Statement of responsibility, etc. Richard D. Barnet
260 ## - PUBLICATION, DISTRIBUTION, ETC. (IMPRINT)
Place of publication, distribution, etc. London
Name of publisher, distributor, etc. Greenwood Press
Date of publication, distribution, etc. 2001
300 ## - PHYSICAL DESCRIPTION
Extent ix, 270p.
650 ## - SUBJECT ADDED ENTRY--TOPICAL TERM
Topical term or geographic name as entry element Popular music
Form subdivision Social aspects
700 ## - ADDED ENTRY--PERSONAL NAME
Personal name Larry L. Burriss
942 ## - ADDED ENTRY ELEMENTS (KOHA)
Source of classification or shelving scheme Library of Congress Classification
Koha item type General Collection
Holdings
Withdrawn status Lost status Source of classification or shelving scheme Not for loan Home library Current library Date acquired Cost, normal purchase price Total Checkouts Full call number Barcode Date last seen Date last checked out Price effective from Koha item type
    Library of Congress Classification   Kabarak, Main Campus Kabarak, Main Campus 04/12/2020 7215.00 1 ML3918 .B37 2001 c.1 029429 13/10/2023 27/08/2021 04/12/2020 General Collection
Designed with assistance from East African Informatics Ltd